Elenca la formazione - Quiz n°259 - Statistics

Statistiche generali
  • Questo quiz è stato fatto 26 volte
  • Il punteggio medio è 4 su 11
Statistiche sulle risposte
Ruolo Club dell'epoca Calciatore % Corretto
Attaccante Manchester United Robin van Persie
96%
Attaccante Bayern Monaco Arjen Robben
92%
Portiere Ajax Jasper Cillessen
67%
Centrocampista Ajax Daley Blind
50%
Difensore Feyenoord Stefan de Vrij
42%
Centrocampista Fenerbahçe Dirk Kuyt
33%
Difensore Aston Villa Ron Vlaar
21%
Difensore Feyenoord Bruno Martins Indi
8%
Centrocampista PSV Georginio Wijnaldum
8%
Trequartista Villarreal Jonathan de Guzmán
4%
Centrocampista Feyenoord Jordy Clasie
0%
Nessun quiz corrispondente trovato
Distribuzione punteggi
Percentuale di utenti per punteggio
Percentile per numero di risposta
I tuoi punteggi nel tempo
Non hai fatto questo quiz